| 000 | 00361nam a22001337a 4500 | ||
|---|---|---|---|
| 020 | _a9788178083001 | ||
| 040 | _cnust | ||
| 082 |
_2Second Edition _a006.3 _bHAY |
||
| 100 | _aHaykin Simon | ||
| 245 |
_aNeural Networks _bA Comprehensive Foundation |
||
| 260 |
_aNew Delhi: _bPearson Education Inc, _c2004. |
||
| 650 |
_aNeural Networks _958055 |
||
| 942 |
_2ddc _cBK |
||
| 999 |
_c609085 _d609085 |
||